[Event "Gradiste op 1st"]
[Site "Gradiste"]
[Date "2019.06.25"]
[Round "2"]
[White "Stocko, Josip"]
[Black "Egerc, Josip"]
[Result "1-0"]
[WhiteElo "2319"]
[BlackElo "2041"]
[PlyCount "95"]
[EventDate "2019.06.24"]
[EventType "swiss"]
[EventRounds "9"]
[EventCountry "CRO"]
[SourceTitle "EXT 2020"]
[Source "ChessBase"]
[SourceDate "2019.10.17"]
[SourceVersion "1"]
[SourceVersionDate "2019.10.17"]
[SourceQuality "1"]

1. Nf3 Nf6 2. g3 d5 3. Bg2 c6 4. 0-0 Qc7 5. d3 e5 6. e4 dxe4 7. dxe4 Bg4 8. h3 Bxf3 9. Qxf3 Nbd7 10. a4 Be7 11. Nd2 Nc5 12. Qe2 0-0 13. Nc4 Rfe8 14. h4 Nfd7 15. a5 b5 16. Ne3 Ne6 17. c3 Nf6 18. Nf5 Bf8 19. h5 g6 20. hxg6 hxg6 21. Nh6+ Kh7 22. Ng4 Nh5 23. Bf3 Bg7 24. Nh2 Nf6 25. Be3 Rad8 26. Kg2 Rd7 27. Rh1 Kg8 28. Ng4 a6 29. Rh2 c5 30. Rah1 c4 31. Bb6 Qd6 32. Qe3 Nxg4 33. Bxg4 Qd2 34. Bxe6 Rxe6 35. Qf3 Qxb2 36. Rh7 Qc2 37. Bc5 Qd3 38. Be3 f5 39. exf5 gxf5 40. Qh5 f4 41. Rh8+ Bxh8 42. Qxh8+ Kf7 43. Rh7+ Kg6 44. Qg8+ Kf5 45. Rh5+ Ke4 46. Qxe6 Qd6 47. Qf5+ Kd5 48. Bxf4 1-0

[Event "CRO Cup"]
[Site "Mali Losinj"]
[Date "2019.05.18"]
[Round "5.123"]
[White "Egerc, Josip"]
[Black "Grbac, Boris"]
[Result "0-1"]
[WhiteElo "2065"]
[BlackElo "2104"]
[PlyCount "149"]
[EventDate "2019.05.15"]
[EventType "team-swiss"]
[EventRounds "6"]
[EventCountry "CRO"]
[SourceTitle "CBM 190 Extra"]
[Source "ChessBase"]
[SourceDate "2019.07.15"]
[SourceVersion "1"]
[SourceVersionDate "2019.07.15"]
[SourceQuality "1"]
[WhiteTeam "Zupanja Sladorana"]
[BlackTeam "Porec Gortan"]
[WhiteTeamCountry "CRO"]
[BlackTeamCountry "CRO"]

1. e4 c5 2. Nf3 d6 3. d4 cxd4 4. Nxd4 Nf6 5. Nc3 g6 6. Bc4 Bg7 7. Bb3 0-0 8. f3 Nc6 9. Be3 Bd7 10. Qd2 Rc8 11. 0-0-0 Nxd4 12. Bxd4 b5 13. Bxa7 b4 14. Ne2 Qa5 15. Qe3 Ba4 16. Bd4 Bxb3 17. Qxb3 Qg5+ 18. Qe3 Qb5 19. Qd3 Qa5 20. Kb1 Ra8 21. Qb3 Nd7 22. Bxg7 Nc5 23. Qc4 Kxg7 24. Nc1 Rfc8 25. h4 Ne6 26. Qb3 Nc5 27. Qe3 Na4 28. Qb3 Nc5 29. Qd5 Qc7 30. h5 Ne6 31. Qd2 g5 32. h6+ Kg8 33. g3 f6 34. f4 Ra5 35. Rh5 Rc5 36. Rh2 Qb7 37. Qe3 Qc6 38. Qb3 Rc4 39. fxg5 Nxg5 40. Rd4 Kf8 41. Rxc4 Qxc4 42. Qxc4 Rxc4 43. Rh4 Nxe4 44. Ne2 Nd2+ 45. Kc1 Rxh4 46. gxh4 Nc4 47. b3 Nb6 48. c3 bxc3 49. Nxc3 Nd7 50. b4 Ke8 51. a4 f5 52. a5 e5 53. Nd5 Kd8 54. Kd2 f4 55. Kd3 Kc8 56. b5 Kb7 57. a6+ Ka7 58. Ke4 Nc5+ 59. Kf3 Ne6 60. Ke4 Nc5+ 61. Kf5 f3 62. Kf6 f2 63. Ne3 d5 64. Kxe5 Nd7+ 65. Kxd5 Nf6+ 66. Kc6 Ng4 67. Nf1 Ne5+ 68. Kc7 Nc4 69. Ng3 Nb6 70. Kc6 Nc4 71. Kc5 Nd2 72. Kc6 Nc4 73. Nf1 Ne5+ 74. Kd6 Nf7+ 75. Kc7 0-1

[Event "Bosnjaci op 24th"]
[Site "Bosnjaci"]
[Date "2019.01.04"]
[Round "3"]
[White "Klasan, Vladimir"]
[Black "Egerc, Josip"]
[Result "1-0"]
[WhiteElo "2364"]
[BlackElo "2081"]
[PlyCount "109"]
[EventDate "2019.01.03"]
[EventType "swiss"]
[EventRounds "9"]
[EventCountry "CRO"]
[SourceTitle "CBM 188 Extra"]
[Source "ChessBase"]
[SourceDate "2019.02.28"]
[SourceVersion "1"]
[SourceVersionDate "2019.02.28"]
[SourceQuality "1"]

1. e4 e6 2. d4 d5 3. Nc3 Nf6 4. e5 Nfd7 5. f4 c5 6. Nf3 Nc6 7. Be3 Qb6 8. Na4 Qa5+ 9. c3 c4 10. b4 Nxb4 11. cxb4 Bxb4+ 12. Kf2 b5 13. Nc5 Nxc5 14. dxc5 Bd7 15. h4 Qc7 16. h5 Bxc5 17. h6 g6 18. Bxc5 Qxc5+ 19. Qd4 Qa3 20. Be2 0-0 21. Nh2 Qe7 22. Ng4 Bc6 23. Nf6+ Kh8 24. a3 Rfb8 25. Rhb1 a5 26. Kg3 Qa7 27. Qxa7 Rxa7 28. Kf2 Rd8 29. Bf3 Ra6 30. Rb2 Rb6 31. Rd2 b4 32. axb4 axb4 33. Rc1 c3 34. Rd4 Ra8 35. Bd1 Ra2+ 36. Ke3 Rxg2 37. Rb1 Rb2 38. Rxb2 cxb2 39. Bc2 Ba4 40. Bb1 Bb3 41. Ne4 Bc4 42. Nd6 Bf1 43. Rd2 Kg8 44. Rc2 Bc4 45. Nxc4 dxc4 46. Rxc4 Rb8 47. Rc2 Kf8 48. Rxb2 Ke7 49. Ra2 Rb7 50. Be4 Rc7 51. Rb2 Rc3+ 52. Bd3 Rc1 53. Rb1 Rxb1 54. Bxb1 f6 55. Bxg6 1-0

[Event "Zadar op-B 23rd"]
[Site "Zadar"]
[Date "2016.12.15"]
[Round "7"]
[White "Egerc, Josip"]
[Black "Luetic, Ante"]
[Result "1-0"]
[WhiteElo "2062"]
[BlackElo "2085"]
[PlyCount "127"]
[EventDate "2016.12.11"]
[EventType "swiss"]
[EventRounds "9"]
[EventCountry "CRO"]
[SourceTitle "CBM 176 Extra"]
[Source "ChessBase"]
[SourceDate "2017.03.02"]
[SourceVersion "1"]
[SourceVersionDate "2017.03.02"]
[SourceQuality "1"]

1. d4 Nf6 2. c4 e5 3. dxe5 Ng4 4. Nf3 Bc5 5. e3 Nc6 6. a3 a5 7. Bd2 0-0 8. Bc3 Re8 9. Nbd2 d6 10. Ne4 Ba7 11. Be2 Ngxe5 12. Nxe5 Nxe5 13. Ng3 Qe7 14. 0-0 Be6 15. Qc2 f6 16. Bd4 Bc5 17. b3 Qf7 18. Qb2 Rab8 19. Ne4 b6 20. Bxe5 dxe5 21. Nxc5 bxc5 22. Qc3 Ra8 23. Bf3 Ra6 24. Rac1 Rb8 25. a4 Rb4 26. Be4 Rab6 27. Bc2 Qe7 28. f4 e4 29. f5 Bc8 30. Rcd1 Rd6 31. Rf4 Bb7 32. Kf2 Bc6 33. Ke1 Kf7 34. Ke2 g5 35. fxg6+ hxg6 36. Rdf1 Bb7 37. Kf2 g5 38. Rf5 Re6 39. Kg1 Kg6 40. Qe1 Bc8 41. Qg3 Rc6 42. Rd5 f5 43. Rfd1 Rf6 44. Rd8 Be6 45. h4 Rf7 46. hxg5 Rg7 47. Kf2 Rb6 48. Rh8 Qxg5 49. Qxg5+ Kxg5 50. Ra8 f4 51. Rxa5 fxe3+ 52. Kxe3 Kh4 53. Rh1+ Kg3 54. Rxc5 Bg4 55. Re5 Rf7 56. Rg5 Re6 57. Bd1 Kxg2 58. Rh4 Rf3+ 59. Bxf3+ exf3+ 60. Kd4 f2 61. Rgxg4+ Kf3 62. Rf4+ Ke2 63. Re4+ Kd1 64. Rh1+ 1-0

[Event "Zadar op-B 23rd"]
[Site "Zadar"]
[Date "2016.12.14"]
[Round "6"]
[White "Novak, Ivo"]
[Black "Egerc, Josip"]
[Result "0-1"]
[WhiteElo "1867"]
[BlackElo "2062"]
[PlyCount "62"]
[EventDate "2016.12.11"]
[EventType "swiss"]
[EventRounds "9"]
[EventCountry "CRO"]
[SourceTitle "CBM 176 Extra"]
[Source "ChessBase"]
[SourceDate "2017.03.02"]
[SourceVersion "1"]
[SourceVersionDate "2017.03.02"]
[SourceQuality "1"]

1. e4 e6 2. d4 d5 3. Nd2 Nf6 4. e5 Nfd7 5. f4 g6 6. Ndf3 c5 7. c3 Nc6 8. Bd3 h5 9. Qc2 Ne7 10. b3 Nf5 11. Bd2 Qb6 12. Ne2 Be7 13. 0-0 Qc7 14. Rac1 c4 15. bxc4 dxc4 16. Bxf5 gxf5 17. d5 Qc5+ 18. Ned4 Qxd5 19. Rfd1 Nc5 20. Nb5 Qc6 21. Rb1 Rg8 22. Ng5 a6 23. Nd4 Qc7 24. a4 Nd3 25. Ngf3 b6 26. Ne1 Nxe1 27. Bxe1 Bb7 28. Rd2 Be4 29. Qb2 Bxb1 30. Qxb1 Rd8 31. Rb2 Rb8 0-1

[Event "Zadar op-B 23rd"]
[Site "Zadar"]
[Date "2016.12.14"]
[Round "5"]
[White "Totic, Zeljko"]
[Black "Egerc, Josip"]
[Result "1/2-1/2"]
[WhiteElo "1968"]
[BlackElo "2062"]
[PlyCount "128"]
[EventDate "2016.12.11"]
[EventType "swiss"]
[EventRounds "9"]
[EventCountry "CRO"]
[SourceTitle "CBM 176 Extra"]
[Source "ChessBase"]
[SourceDate "2017.03.02"]
[SourceVersion "1"]
[SourceVersionDate "2017.03.02"]
[SourceQuality "1"]

1. Nf3 d5 2. d4 Bf5 3. c4 c6 4. Nc3 e6 5. e3 Nd7 6. cxd5 exd5 7. Bd3 Bxd3 8. Qxd3 Ngf6 9. 0-0 Be7 10. e4 dxe4 11. Nxe4 Nxe4 12. Qxe4 0-0 13. Bd2 Nf6 14. Qf5 Nd5 15. a3 Bf6 16. Rfe1 Qb6 17. Bc3 g6 18. Qc2 Rad8 19. Rac1 Rd7 20. Ne5 Re7 21. Nc4 Qd8 22. Rxe7 Qxe7 23. Re1 Qc7 24. g3 Rd8 25. Nd2 Qd7 26. Ne4 Bg7 27. Nc5 Qc8 28. Qa4 a5 29. Bd2 b6 30. Nb3 Nf6 31. Rc1 Rd6 32. Bf4 Re6 33. Qc4 Qd7 34. Nd2 Nh5 35. Be3 Nf6 36. Nf3 Nd5 37. Bd2 h6 38. b4 b5 39. Qd3 axb4 40. axb4 Qd6 41. Rc5 g5 42. Kg2 Nb6 43. Bc3 Qd7 44. Qf5 Qe8 45. Ne5 Na4 46. d5 Rxe5 47. Bxe5 Nxc5 48. Bxg7 Qe4+ 49. Qxe4 Nxe4 50. Bxh6 cxd5 51. f3 Nf6 52. Bxg5 Nd7 53. Kf2 Ne5 54. Ke2 Kg7 55. Be3 Nc6 56. Bc5 Kg6 57. Ke3 Kf5 58. h4 Ke5 59. f4+ Kf5 60. Kf3 Kg6 61. g4 f5 62. g5 Nd8 63. Ke3 Ne6 64. Bd4 Kh5 1/2-1/2

[Event "Zadar op-B 23rd"]
[Site "Zadar"]
[Date "2016.12.12"]
[Round "3"]
[White "Egerc, Josip"]
[Black "Stallinger, Vanessa"]
[Result "1-0"]
[WhiteElo "2062"]
[BlackElo "1845"]
[PlyCount "79"]
[EventDate "2016.12.11"]
[EventType "swiss"]
[EventRounds "9"]
[EventCountry "CRO"]
[SourceTitle "CBM 176 Extra"]
[Source "ChessBase"]
[SourceDate "2017.03.02"]
[SourceVersion "1"]
[SourceVersionDate "2017.03.02"]
[SourceQuality "1"]

1. e4 e5 2. Nf3 Nc6 3. Bc4 Bc5 4. b4 Bxb4 5. 0-0 Nf6 6. c3 Ba5 7. d4 d6 8. d5 Ne7 9. Bg5 Nd7 10. Qc2 0-0 11. Nbd2 f6 12. Be3 Bb6 13. Bxb6 Nxb6 14. Bd3 Nd7 15. Nb3 a5 16. a4 b6 17. Nfd2 Ba6 18. Bxa6 Rxa6 19. f4 exf4 20. Rxf4 Ng6 21. Rg4 Nde5 22. Rg3 Ra8 23. Nd4 Nf4 24. Rf1 Neg6 25. Rgf3 Re8 26. Rxf4 Nxf4 27. Rxf4 Qd7 28. Ne6 c6 29. Nf3 cxd5 30. exd5 Rac8 31. Qb3 Qa7 32. Nfd4 b5 33. axb5 a4 34. Qa3 Qa5 35. Rf3 Rc4 36. h3 Rec8 37. Nc6 Qb6+ 38. Kh2 Re8 39. Qxd6 Qxb5 40. Qd7 1-0

[Event "CRO-chT2 Ost"]
[Site "Croatia"]
[Date "2016.04.17"]
[Round "3.53"]
[White "Huis, Dinko"]
[Black "Egerc, Josip"]
[Result "1/2-1/2"]
[WhiteElo "2165"]
[BlackElo "2029"]
[PlyCount "76"]
[EventDate "2016.04.16"]
[EventType "team-tourn"]
[EventRounds "11"]
[EventCountry "CRO"]
[SourceTitle "EXT 2019"]
[Source "ChessBase"]
[SourceDate "2018.10.10"]
[SourceVersion "1"]
[SourceVersionDate "2018.10.10"]
[SourceQuality "1"]

1. d4 Nf6 2. c4 g6 3. Nc3 d6 4. e4 Bg7 5. f3 0-0 6. Be3 Nbd7 7. Qd2 e5 8. Nge2 exd4 9. Nxd4 Ne5 10. Be2 Be6 11. b3 Qe7 12. 0-0 Rad8 13. Bg5 Nc6 14. Nc2 Qd7 15. Rac1 Ne7 16. Nd5 Bxd5 17. cxd5 c5 18. dxc6 Nxc6 19. Nb4 Nxb4 20. Qxb4 h6 21. Be3 b6 22. Rfd1 d5 23. e5 Ne8 24. f4 Nc7 25. h3 Rfe8 26. a4 Bf8 27. Qc3 Re7 28. a5 Ne6 29. axb6 d4 30. Qa5 axb6 31. Qxb6 Qb7 32. Qxb7 Rxb7 33. Bd2 d3 34. Bg4 Nd4 35. Ba5 Ra8 36. b4 Ne2+ 37. Bxe2 dxe2 38. Rd2 Bxb4 1/2-1/2

[Event "Bosnjaci op 21st"]
[Site "Bosnjaci"]
[Date "2016.01.07"]
[Round "7"]
[White "Ljikar, Zoran"]
[Black "Egerc, Josip"]
[Result "1/2-1/2"]
[WhiteElo "2270"]
[BlackElo "2024"]
[PlyCount "110"]
[EventDate "2016.01.03"]
[EventType "swiss"]
[EventRounds "9"]
[EventCountry "CRO"]
[SourceTitle "CBM 170 Extra"]
[Source "ChessBase"]
[SourceDate "2016.02.25"]
[SourceVersion "1"]
[SourceVersionDate "2016.02.25"]
[SourceQuality "1"]

1. e4 g6 2. d4 Bg7 3. Nc3 d6 4. Be3 Nf6 5. Qd2 Nc6 6. f3 e5 7. Nge2 a6 8. 0-0-0 b5 9. Bh6 Bxh6 10. Qxh6 b4 11. Nd5 Nxd5 12. exd5 Ne7 13. dxe5 dxe5 14. Qg7 Rf8 15. Qxe5 Qd6 16. Qe3 Bb7 17. c4 bxc3 18. Nxc3 0-0-0 19. Bc4 Rd7 20. Bb3 Nf5 21. Qd2 Rfd8 22. g4 Ne7 23. Qe3 Qb6 24. Rhe1 Qxe3+ 25. Rxe3 Nxd5 26. Bxd5 Bxd5 27. Red3 Bc6 28. Rxd7 Rxd7 29. Rxd7 Kxd7 30. f4 h5 31. gxh5 gxh5 32. Kd2 Ke6 33. Ne2 h4 34. Nd4+ Kd5 35. Ke3 Bd7 36. Nf3 h3 37. Ng5 f6 38. Ne4 Be6 39. Nxf6+ Kc5 40. a3 Kc4 41. Ne4 a5 42. Nd2+ Kd5 43. Nb3 a4 44. Nd4 Bd7 45. Nf3 Bg4 46. Nd4 Kc4 47. Ke4 c5 48. Nc6 Kb3 49. Kd5 Kxb2 50. Ne5 Bh5 51. Nc4+ Kb3 52. Kxc5 Be2 53. Nb6 Kxa3 54. f5 Kb3 55. Nxa4 Kxa4 1/2-1/2

[Event "CRO-chT2 Ost"]
[Site "Croatia"]
[Date "2015.10.17"]
[Round "7.46"]
[White "Lukic, Milutin"]
[Black "Egerc, Josip"]
[Result "1-0"]
[WhiteElo "1982"]
[BlackElo "2021"]
[PlyCount "88"]
[EventDate "2015.04.25"]
[EventType "team-tourn"]
[EventRounds "11"]
[EventCountry "CRO"]
[SourceTitle "EXT 2016"]
[Source "ChessBase"]
[SourceDate "2015.10.08"]
[SourceVersion "1"]
[SourceVersionDate "2015.10.08"]
[SourceQuality "1"]

1. d4 Nf6 2. c3 d5 3. Nf3 Bg4 4. Ne5 Bf5 5. Bf4 c6 6. Qb3 Qb6 7. Nd2 Nbd7 8. f3 Nxe5 9. Bxe5 Nd7 10. Bf4 e6 11. e3 c5 12. e4 Qxb3 13. axb3 dxe4 14. fxe4 Bg6 15. d5 e5 16. Be3 Bd6 17. Bb5 Ke7 18. 0-0 h6 19. h3 Nf6 20. Bd3 Nxd5 21. Rae1 Nxe3 22. Rxe3 Rhd8 23. Bc4 Bc7 24. Bd5 Rab8 25. Ref3 Rf8 26. Nc4 b5 27. Ne3 c4 28. bxc4 bxc4 29. Nxc4 Bh5 30. g4 Bg6 31. Kg2 a5 32. h4 Rb5 33. h5 Rxd5 34. hxg6 Rc5 35. Rxf7+ Rxf7 36. Rxf7+ Ke6 37. Ne3 a4 38. Rxg7 Bb6 39. Rf7 Rc7 40. Rh7 Rc8 41. Nd5 Rb8 42. Rxh6 Ba5 43. Kf3 Rxb2 44. Rh8 Bxc3 1-0

[Event "CRO-chT2 Ost"]
[Site "Croatia"]
[Date "2015.05.09"]
[Round "5.55"]
[White "Egerc, Josip"]
[Black "Mesko, Andrej"]
[Result "1/2-1/2"]
[WhiteElo "2027"]
[BlackElo "1975"]
[PlyCount "107"]
[EventDate "2015.04.25"]
[EventType "team-tourn"]
[EventRounds "11"]
[EventCountry "CRO"]
[SourceTitle "EXT 2016"]
[Source "ChessBase"]
[SourceDate "2015.10.08"]
[SourceVersion "1"]
[SourceVersionDate "2015.10.08"]
[SourceQuality "1"]

1. e4 e6 2. d4 d5 3. exd5 exd5 4. c4 c6 5. Nc3 Nf6 6. c5 Be7 7. Bg5 0-0 8. Bd3 h6 9. Bf4 b6 10. b4 a5 11. a3 Ba6 12. Bxa6 Nxa6 13. Rb1 Re8 14. Nge2 axb4 15. axb4 b5 16. 0-0 Nc7 17. Bxc7 Qxc7 18. Ra1 Qb7 19. Qc2 Rxa1 20. Rxa1 Ra8 21. Rxa8+ Qxa8 22. Qa2 Qxa2 23. Nxa2 Ne4 24. Nac1 Nd2 25. f4 Bf6 26. Kf2 Kf8 27. Nd3 Nc4 28. Ne5 Bxe5 29. dxe5 Ke7 30. Nd4 Kd7 31. Ke2 g6 32. g3 h5 33. h3 Nb2 34. g4 hxg4 35. hxg4 Nc4 36. Nf3 Ke6 37. Kd3 Nb2+ 38. Kc2 Nc4 39. Nd4+ Kd7 40. Kd3 Nb2+ 41. Ke2 Nc4 42. Kf2 Nb2 43. Ke3 Nd1+ 44. Kf3 Nb2 45. f5 gxf5 46. gxf5 Nd3 47. e6+ fxe6 48. fxe6+ Ke7 49. Nxc6+ Kxe6 50. Ke3 Nc1 51. Kd2 Na2 52. Kc2 d4 53. Kb2 d3 54. Nd4+ 1/2-1/2

[Event "CRO-chT2 East"]
[Site "Croatia"]
[Date "2014.05.11"]
[Round "6.56"]
[White "Egerc, Josip"]
[Black "Fures, Ivica"]
[Result "1/2-1/2"]
[WhiteElo "2027"]
[BlackElo "1912"]
[PlyCount "60"]
[EventDate "2014.04.26"]
[EventType "team-tourn"]
[EventRounds "11"]
[EventCountry "CRO"]
[SourceTitle "EXT 2019"]
[Source "ChessBase"]
[SourceDate "2018.10.10"]
[SourceVersion "1"]
[SourceVersionDate "2018.10.10"]
[SourceQuality "1"]

1. e4 Nc6 2. Nf3 d6 3. d4 Nf6 4. Nc3 Bg4 5. Be2 a6 6. h3 Bxf3 7. Bxf3 e5 8. 0-0 Nxd4 9. Bg5 Be7 10. Qd3 c6 11. Bd1 Nd7 12. Be3 Ne6 13. Qd2 0-0 14. Ne2 Nf6 15. Ng3 d5 16. exd5 cxd5 17. Nf5 d4 18. Bg5 Nxg5 19. Qxg5 g6 20. Bf3 Kh8 21. Nxe7 Qxe7 22. Bxb7 Ra7 23. Bc6 Qd6 24. Ba4 Ne4 25. Qg4 Nc5 26. Bb3 Nxb3 27. axb3 Kg7 28. Ra4 Rfa8 29. f4 d3 30. fxe5 Qb6+ 1/2-1/2

[Event "CRO-chT2 East"]
[Site "Croatia"]
[Date "2014.05.10"]
[Round "4.46"]
[White "Egerc, Josip"]
[Black "Ivankovic, Marko"]
[Result "0-1"]
[WhiteElo "2027"]
[BlackElo "1965"]
[PlyCount "50"]
[EventDate "2014.04.26"]
[EventType "team-tourn"]
[EventRounds "11"]
[EventCountry "CRO"]
[SourceTitle "EXT 2019"]
[Source "ChessBase"]
[SourceDate "2018.10.10"]
[SourceVersion "1"]
[SourceVersionDate "2018.10.10"]
[SourceQuality "1"]

1. e4 c5 2. Nf3 Nc6 3. c4 e5 4. Nc3 Nf6 5. Be2 d6 6. 0-0 Be7 7. Nd5 Nxe4 8. Nxe7 Nxe7 9. Bd3 Nf6 10. Ng5 h6 11. Ne4 Nxe4 12. Bxe4 0-0 13. f4 f5 14. Bc2 b6 15. d3 Bb7 16. b4 cxb4 17. Qe1 Nc6 18. Ba4 a5 19. Bxc6 Bxc6 20. fxe5 dxe5 21. Qxe5 Re8 22. Qf4 Qxd3 23. Bb2 Re2 24. Rf2 Rae8 25. Qg3 Re1+ 0-1

[Event "CRO-chT2 East"]
[Site "Osijek"]
[Date "2013.05.11"]
[Round "4.54"]
[White "Egerc, Josip"]
[Black "Sipic, Hrvoje"]
[Result "0-1"]
[WhiteElo "2078"]
[BlackElo "2201"]
[PlyCount "33"]
[EventDate "2013.04.20"]
[EventType "team-tourn"]
[EventRounds "11"]
[EventCountry "CRO"]
[SourceTitle "EXT 2023"]
[Source "ChessBase"]
[SourceDate "2022.10.05"]
[SourceVersion "1"]
[SourceVersionDate "2022.10.05"]
[SourceQuality "1"]

1. e4 c5 2. Nf3 d6 3. c3 Nf6 4. h3 Nc6 5. Qc2 e5 6. Na3 Be7 7. Nc4 0-0 8. Ne3 d5 9. d3 Be6 10. a3 Qb6 11. g4 Rad8 12. Nf5 dxe4 13. Nxe7+ Nxe7 14. Nxe5 Bb3 15. Qb1 Qe6 16. g5 Qxe5 17. d4 0-1

[Event "CRO-chT2 East"]
[Site "Osijek"]
[Date "2013.04.20"]
[Round "1.44"]
[White "Cekic, Milenko"]
[Black "Egerc, Josip"]
[Result "0-1"]
[WhiteElo "1892"]
[BlackElo "2078"]
[PlyCount "96"]
[EventDate "2013.04.20"]
[EventType "team-tourn"]
[EventRounds "11"]
[EventCountry "CRO"]
[SourceTitle "EXT 2023"]
[Source "ChessBase"]
[SourceDate "2022.10.05"]
[SourceVersion "1"]
[SourceVersionDate "2022.10.05"]
[SourceQuality "1"]

1. d4 Nf6 2. Nf3 Ne4 3. c4 d5 4. Nc3 c6 5. cxd5 Nxc3 6. bxc3 cxd5 7. Bf4 Bd7 8. e3 Qa5 9. Qb3 Ba4 10. Qb2 Nd7 11. Bd3 Rc8 12. Rc1 Nb6 13. Nd2 e6 14. 0-0 Bc6 15. Nb3 Qa4 16. Qe2 Ba3 17. Rc2 0-0 18. Qg4 f5 19. Qh4 Bb5 20. Bxb5 Qxb5 21. Rd1 Na4 22. Kh1 Nxc3 23. Re1 Nxa2 24. Nc5 Bxc5 25. Rxa2 Bb4 26. Rb1 a5 27. h3 Qd3 28. Rg1 Rf7 29. f3 b5 30. g4 a4 31. gxf5 Qxf5 32. Rag2 Bf8 33. Rg5 Qf6 34. Qg4 Rc2 35. Rf1 a3 36. Be5 Qh6 37. f4 Be7 38. Bxg7 Rxg7 39. Rxg7+ Qxg7 40. Qxe6+ Kh8 41. Rg1 Qf8 42. Qxd5 a2 43. Qb3 Qc8 44. e4 Rc3 45. Rg8+ Qxg8 46. Qxc3 Qc4 47. Qa1 Bf6 48. e5 Qc2 0-1

[Event "Bosnjaci op 15th"]
[Site "Bosnjaci"]
[Date "2010.01.06"]
[Round "5"]
[White "Egerc, Josip"]
[Black "Doric, Nenad"]
[Result "0-1"]
[WhiteElo "2162"]
[BlackElo "2337"]
[PlyCount "109"]
[EventDate "2010.01.03"]
[EventType "swiss"]
[EventRounds "9"]
[EventCountry "CRO"]
[SourceTitle "CBM 134 Extra"]
[Source "ChessBase"]
[SourceDate "2010.03.03"]
[SourceVersion "1"]
[SourceVersionDate "2010.03.03"]
[SourceQuality "1"]

1. Nf3 c5 2. g3 Nc6 3. Bg2 e5 4. d3 d5 5. 0-0 Nf6 6. Bg5 Be6 7. Nbd2 Be7 8. c4 d4 9. a3 0-0 10. Rb1 a5 11. Ne1 Ne8 12. Bxe7 Qxe7 13. Nc2 a4 14. b4 axb3 15. Rxb3 Nd6 16. Qa1 f5 17. e3 Qc7 18. exd4 exd4 19. Re1 Bd7 20. f4 Rfe8 21. Rbb1 Na5 22. Bd5+ Nf7 23. Rxe8+ Rxe8 24. Re1 Bc6 25. Rxe8+ Bxe8 26. Qe1 Kf8 27. Nf3 Nc6 28. Be6 Ne7 29. Qe2 g6 30. Bxf7 Bxf7 31. Qe5 Qxe5 32. Nxe5 Be8 33. Kf2 Nc8 34. Ne1 Nd6 35. N1f3 Ke7 36. h3 h6 37. g4 fxg4 38. hxg4 Kf6 39. Kg3 g5 40. Nd2 Ba4 41. Ne4+ Nxe4+ 42. dxe4 Ke6 43. Nf3 gxf4+ 44. Kxf4 Bd1 45. Nd2 Be2 46. e5 Bd3 47. Nb3 b6 48. Nd2 Be2 49. Ne4 Bxc4 50. Nd6 Bd3 51. a4 c4 52. Nb5 Kd5 53. e6 c3 54. e7 Bg6 55. Nc7+ 0-1

[Event "Zupanja op-B 15th"]
[Site "Zupanja"]
[Date "2009.04.14"]
[Round "7"]
[White "Srebrnic, Ana"]
[Black "Egerc, Josip"]
[Result "1/2-1/2"]
[WhiteElo "2283"]
[BlackElo "2134"]
[PlyCount "176"]
[EventDate "2009.04.10"]
[EventType "swiss"]
[EventRounds "9"]
[EventCountry "CRO"]
[SourceTitle "CBM 129 Extra"]
[Source "ChessBase"]
[SourceDate "2009.05.05"]
[SourceVersion "2"]
[SourceVersionDate "2009.05.20"]
[SourceQuality "1"]

1. Nf3 Nf6 2. c4 d5 3. cxd5 Qxd5 4. Nc3 Qa5 5. g3 c6 6. Bg2 g6 7. d3 Bg7 8. Bd2 Qd8 9. 0-0 0-0 10. Qc2 Na6 11. a3 Re8 12. b4 Nc7 13. Rab1 Nfd5 14. Rfc1 Bg4 15. a4 Rc8 16. Ne4 Ne6 17. Nc5 b6 18. Nxe6 Bxe6 19. d4 Qd7 20. e4 Nf6 21. Bf4 Nh5 22. Be3 Bh3 23. Ne5 Bxe5 24. dxe5 Bxg2 25. Kxg2 Ng7 26. a5 c5 27. bxc5 bxc5 28. Qc4 Rc7 29. Qd5 Ne6 30. Qxd7 Rxd7 31. Bxc5 Nxc5 32. Rxc5 a6 33. e6 Rd4 34. exf7+ Kxf7 35. e5 Ra4 36. Rb6 Ra8 37. h4 Ra7 38. h5 Ra2 39. hxg6+ hxg6 40. Kf3 Ra4 41. g4 Ra8 42. Kg3 Ra3+ 43. Kh4 g5+ 44. Kxg5 Rg8+ 45. Kf5 Rf3+ 46. Ke4 Rxf2 47. e6+ Kf6 48. Rf5+ Rxf5 49. gxf5 Rg4+ 50. Kd5 Ra4 51. Rxa6 Kxf5 52. Kc6 Ra1 53. Kb7 Ke5 54. Kc7 Ra2 55. Kd8 Kf6 56. Kc8 Ke5 57. Kb7 Kd5 58. Kc7 Ke5 59. Kd7 Kf6 60. Ra8 Rd2+ 61. Kc6 Kxe6 62. a6 Rc2+ 63. Kb5 Rb2+ 64. Kc4 Ra2 65. Kb3 Ra1 66. Kb4 Rb1+ 67. Kc5 Ra1 68. Rh8 Kd7 69. Kb6 Rb1+ 70. Ka7 Kd6 71. Rb8 Ra1 72. Rb5 Kc6 73. Rb6+ Kd5 74. Kb7 e5 75. a7 Rxa7+ 76. Kxa7 Kd4 77. Rd6+ Kc3 78. Re6 Kd4 79. Kb6 e4 80. Kb5 e3 81. Kb4 Kd3 82. Rd6+ Kc2 83. Rc6+ Kd2 84. Kb3 e2 85. Rd6+ Kc1 86. Re6 Kd2 87. Kb2 e1Q 88. Rxe1 Kxe1 1/2-1/2

[Event "CRO-chT2c"]
[Site "Croatia"]
[Date "2009.04.04"]
[Round "1"]
[White "Egerc, Josip"]
[Black "Jozic, Zoran"]
[Result "1/2-1/2"]
[WhiteElo "2134"]
[BlackElo "1964"]
[PlyCount "85"]
[EventDate "2009.04.04"]
[EventType "team-tourn"]
[EventRounds "11"]
[EventCountry "CRO"]
[SourceTitle "EXT 2010"]
[Source "ChessBase"]
[SourceDate "2010.11.25"]
[SourceVersion "1"]
[SourceVersionDate "2010.11.25"]
[SourceQuality "1"]

1. e4 e6 2. Nf3 d5 3. exd5 exd5 4. d4 Nf6 5. c4 c6 6. cxd5 cxd5 7. Bb5+ Nbd7 8. 0-0 Be7 9. Nc3 0-0 10. Bf4 a6 11. Bd3 b5 12. Ne5 Qb6 13. Rc1 Bb7 14. Re1 Bd6 15. Bg5 Rfe8 16. Nxd7 Nxd7 17. Qg4 Nf8 18. Rxe8 Rxe8 19. Ne2 Ne6 20. Be3 Qd8 21. Ng3 Nf8 22. Nf5 Ng6 23. h4 Bc8 24. h5 Bxf5 25. Qxf5 Nf8 26. g3 Bxg3 27. fxg3 Rxe3 28. Rc8 g6 29. Rxd8 gxf5 30. Bxf5 Rxg3+ 31. Kf2 Rg5 32. Bc8 a5 33. Bb7 Rxh5 34. Bxd5 Kg7 35. Bf3 Ne6 36. Rd6 Rh2+ 37. Ke3 Rxb2 38. d5 Ng5 39. Be2 Rxa2 40. Bxb5 a4 41. Ra6 a3 42. Bc4 Ra1 43. Bb3 1/2-1/2

[Event "Bizovac Metalis op 14th"]
[Site "Bizovac"]
[Date "2007.02.23"]
[Round "3"]
[White "Martic, Zlatko"]
[Black "Egerc, Josip"]
[Result "1-0"]
[WhiteElo "2306"]
[BlackElo "2109"]
[PlyCount "69"]
[EventDate "2007.02.22"]
[EventType "swiss"]
[EventRounds "7"]
[EventCountry "CRO"]
[SourceTitle "CBM 116 Extra"]
[Source "ChessBase"]
[SourceDate "2007.03.07"]
[SourceVersion "1"]
[SourceVersionDate "2007.03.07"]
[SourceQuality "1"]

1. d4 d6 2. e4 g6 3. Nc3 Bg7 4. Bg5 Nd7 5. Qd2 c5 6. d5 a6 7. f4 b5 8. Nf3 Qc7 9. Nd1 Ngf6 10. Nf2 c4 11. c3 Nc5 12. Qc2 Nfd7 13. Be2 Nb6 14. 0-0 0-0 15. Rad1 Bb7 16. f5 h6 17. Bc1 Kh7 18. fxg6+ fxg6 19. Nh4 Bf6 20. Nxg6 Kxg6 21. e5+ Kg7 22. exf6+ Rxf6 23. Ng4 Nxd5 24. Bxh6+ Rxh6 25. Nxh6 Nf6 26. Nf5+ Kh8 27. Rd4 Be4 28. Qd2 Rg8 29. Ng3 d5 30. Bf3 Rxg3 31. hxg3 Qxg3 32. Qh6+ Kg8 33. Bxe4 dxe4 34. Rd8+ Kf7 35. Qh5+ 1-0